000 00801nam a22001937a 4500
005 20100820101739.0
010 _aENG-101040
020 _cRs. 500.00
035 _aEN-84573
037 _bDBAD/PUB
082 _a020
245 _aConference on Innovative change:
_blibrary and information services for the present and futureheld on 10th, 11th January 2009 /
_cedited by C. Sasikala ...[et.al]
260 _aVijayawada
_bAndhra Pradesh Library Association
_c2009
270 _aSri Sarvottama Bhavanam
_bVijayawada
_e520010
_k0866-2472313
_mapla1914@gmail.com
300 _a454 p;
_c22 cm (Pbk)
700 _aSasikala, C, ed.
_915374
942 _2ddc
_cEN
_h020
_kCON
999 _c42642
_d42642